Statistics for Three Band Flags of Africa

Click here to take the quiz!

General Stats

  • This quiz has been taken 90 times
  • The average score is 12 of 16

Answer Stats

Country% Correct
Niger
94%
Nigeria
89%
Ivory Coast
89%
Chad
87%
Egypt
85%
Guinea
80%
Gabon
79%
Mali
77%
Libya
75%
Cameroon
72%
Senegal
68%
Sierra Leone
66%
Ghana
63%
Malawi
58%
Lesotho
44%
Ethiopia
32%

Score Distribution

Percentile by Number Answered

Percent of People with Each Score

Your Score History

You have not taken this quiz